Heavenly deception : one man's spiritual descent into the very core of the Moonies / (Record no. 74528)
[ view plain ]
| 000 -LEADER | |
|---|---|
| fixed length control field | 00600nam a22001817a 4500 |
| 003 - CONTROL NUMBER IDENTIFIER | |
| control field | PILC |
| 005 - DATE AND TIME OF LATEST TRANSACTION | |
| control field | 20250807112321.0 |
| 008 - FIXED-LENGTH DATA ELEMENTS--GENERAL INFORMATION | |
| fixed length control field | 240315b |||||||| |||| 00| 0 eng d |
| 010 ## - LIBRARY OF CONGRESS CONTROL NUMBER | |
| LC control number | Acc#48410 |
| 020 ## - INTERNATIONAL STANDARD BOOK NUMBER | |
| International Standard Book Number | 0842314024 |
| 040 ## - CATALOGING SOURCE | |
| Transcribing agency | Philippine Baptist Theological Seminary |
| 050 ## - LIBRARY OF CONGRESS CALL NUMBER | |
| Classification number | BX 9750.S4 |
| Item number | E44 1980 |
| 100 ## - MAIN ENTRY--PERSONAL NAME | |
| Personal name | Elkins, Chris |
| Relator term | Author |
| 245 ## - TITLE STATEMENT | |
| Title | Heavenly deception : one man's spiritual descent into the very core of the Moonies / |
| Statement of responsibility, etc. | Chris Elkins. |
| 264 ## - PRODUCTION, PUBLICATION, DISTRIBUTION, MANUFACTURE, AND COPYRIGHT NOTICE | |
| Place of production, publication, distribution, manufacture | Wheaton, Illinois, U.S.A. : |
| Name of producer, publisher, distributor, manufacturer | Tyndale House Publishers, Inc., |
| Date of production, publication, distribution, manufacture, or copyright notice | ©1980. |
| 300 ## - PHYSICAL DESCRIPTION | |
| Extent | 142 pages ; |
| Dimensions | 21 cm. |
| 942 ## - ADDED ENTRY ELEMENTS (KOHA) | |
| Source of classification or shelving scheme | Library of Congress Classification |
| Koha item type | Circulation Books |
| Withdrawn status | Lost status | Source of classification or shelving scheme | Damaged status | Not for loan | Home library | Current library | Shelving location | Date acquired | Source of acquisition | Total Checkouts | Full call number | Barcode | Date last seen | Price effective from | Koha item type | Public note |
|---|---|---|---|---|---|---|---|---|---|---|---|---|---|---|---|---|
| Library of Congress Classification | PBTS Library | PBTS Library | Circulation Section | 03/15/2024 | Gift | BX 9750.S4 E44 1980 | 48410 | 03/06/2026 | 03/15/2024 | Circulation Books | Mrcl |